000 00233nam a2200097Ia 4500
001 1069587
005 20250827001850.0
008 250824s9999 xx 000 0 und d
245 0 _aSATRANÇ
_cSTEFAN ZWEIG
260 _bPANAMA YAYINLARI
999 _c1069587
_d1069587